000 00791cab a2200193 4500
001 L136591
008 070209n2007 000 0 eng u
035 _a(Sirsi) u136591
041 0 _aeng
100 1 _aRoberts, Philip
245 0 0 _aMake the contract watertight
260 _c2007
490 0 0 _aEstates Gazette
_v(0705) 3 February 2007, 302-303(2)
520 _aDiscusses the circumstances in which a tenant's covenant can be breached and warns that the wording used in leases is vitally important. Covers: standard of repair; repair and disrepair; repair, renewal and improvement; repair and condition; inherent defects; and drafting covenants.
590 _aKA
651 4 _aEngland
_y886-
690 _aPROPERTY-LEASEHOLD PROPERTY-LANDLORD AND TENANT-DILAPIDATIONS
942 _n0
999 _c78359
_d78359